|
|
|
|
| LEADER |
00000nab a2200000 a 4500 |
| 001 |
vtls000449728 |
| 003 |
SK-MaSNL |
| 005 |
20260319075339.0 |
| 008 |
160202c1992 xo 0 hun |
| 015 |
|
|
|a SNBRB19rr/mm-uuuuu
|
| 035 |
|
|
|a CL0449859
|
| 040 |
|
|
|a SNKBUCL
|b slo
|c SNKBUCL
|e AACR2
|
| 041 |
0 |
|
|a slo
|
| 044 |
|
|
|a xo
|c SK
|
| 080 |
|
|
|a 32-051(437.6=945.11)=945.11
|2 1981
|
| 080 |
|
|
|a 929 Szabó, Rezső
|2 1981
|
| 080 |
|
|
|a 342.534.2
|2 1981
|
| 100 |
1 |
|
|a (-mik)
|4 aut
|9 882610
|
| 245 |
1 |
0 |
|a Szabó Rezső:"Nem voltam ügynök"
|c (-mik)
|
| 600 |
1 |
7 |
|a Szabó, Rezső,
|d 1929-2018
|2 snkbucl
|9 193551
|
| 655 |
|
7 |
|a články z novín a časopisov
|2 snkbucl
|9 267496
|
| 773 |
0 |
|
|t Új szó
|g Roč. 45, č. 19 (23. 1. 1992), s. 1
|
| 850 |
|
|
|a Slovenská národná knižnica v Martine
|a MTA001
|
| 852 |
|
|
|a SNK
|b KIS3GCP
|
| 958 |
|
|
|a RK
|
| 958 |
|
|
|a HU
|
| 992 |
|
|
|a RBX
|
| 999 |
|
|
|c 1555421
|d 1557351
|